[Event "ch-GER"]
[Site "Altenkirchen GER"]
[Date "2001.12.07"]
[Round "8"]
[White "Andreas Bruehl"]
[Black "Thomas Haensel"]
[Result "1/2-1/2"]
[WhiteElo "2277"]
[BlackElo "2259"]

1. e4 c5 2. Nf3 d6 3. d4 cxd4 4. Nxd4 Nf6 5. Nc3 a6 6. Be3 e5 7. Nb3 Be6 8. f3
Nbd7 9. Qd2 h6 10. O-O-O b5 11. g4 Nb6 12. Na5 Qc7 13. a3 Na4 14. Nd5 Bxd5 15.
exd5 Rc8 16. Nc6 Nxd5 17. Qxd5 Qxc6 18. Qxc6+ Rxc6 19. Rd5 Kd7 20. f4 exf4 21.
Bxf4 Be7 22. Bg2 Rc4 23. Bg3 Rhc8 24. c3 Nxc3 25. bxc3 Rxc3+ 26. Kd1 Rxa3 27.
Re1 b4 28. Rxe7+ Kxe7 29. Bxd6+ Ke6 30. Bxb4 Ra1+ 31. Ke2 Rc2+ 32. Bd2 Rg1 33.
Bf3 Rxg4 34. Ke3 Rh4 35. Ra5 Rxh2 36. Rxa6+ Ke5 37. Ra5+ Kf6 38. Ra6+ Kg5 39.
Ra5+ Kf6 40. Ra6+ Kg5 41. Ra5+ f5 42. Rxf5+ Kxf5 43. Be4+ Kg4 44. Bxc2 g5 45.
Bd1+ Kh3 46. Be2 g4 47. Bf1+ Kh4 48. Be1+ Kg5 49. Bg3 Ra2 50. Bf4+ Kg6 51.
Bd3+ Kh5 52. Be2 Ra4 53. Bxg4+ Kxg4 54. Bxh6 Kf5 55. Bf8 Re4+ 56. Kd3 Ke5 57.
Bd6+ Kd5 58. Bc7 Re7 59. Bg3 Rg7 60. Bf2 Rf7 61. Ke3 {#d} 1/2-1/2

[Event "FSIMA December"]
[Site "Budapest HUN"]
[Date "2001.12.08"]
[Round "8"]
[White "Laszlo Gonda"]
[Black "Cedric Paci"]
[Result "1-0"]
[WhiteElo "2309"]
[BlackElo "2256"]

1. g3 Nf6 2. Bg2 d5 3. Nf3 e6 4. O-O Be7 5. d4 O-O 6. c4 dxc4 7. Qc2 a6 8. a4
Bd7 9. Nbd2 Bc6 10. Nxc4 Be4 11. Qd1 Nc6 12. Bf4 Nd5 13. Nce5 Nxf4 14. gxf4
Nb4 15. Ne1 Bxg2 16. Nxg2 f6 17. Nf3 Qd5 18. e3 Rfd8 19. Qe2 c5 20. Rfd1 c4
21. a5 Rac8 22. e4 Qh5 23. Kh1 Nd3 24. b3 Nb2 25. Qxb2 Qxf3 26. bxc4 Qxe4 27.
Re1 Qxd4 28. Qxd4 Rxd4 29. Rxe6 Kf7 30. Rb6 Rdxc4 31. Ne3 Rc1+ 32. Rxc1 Rxc1+
33. Kg2 Rc5 34. Rxb7 Rxa5 35. Kf3 g6 36. Ke4 Ra4+ 37. Kd3 Ra5 38. Kc4 Ke6 39.
Rb6+ Bd6 40. Kc3 Ra3+ 41. Kb2 Ra4 42. Kb3 Rxf4 43. Nc4 Rd4 44. Kc3 Rd1 45. Kc2
Rd5 46. Rxa6 Rc5 47. Kd3 Ke7 48. Kd4 Rxc4+ 49. Kxc4 Bxh2 50. Ra7+ Ke6 51. Rxh7
Bg1 52. f3 Kf5 53. Kd3 Kf4 54. Ke2 g5 55. Rb7 f5 56. Kf1 Bc5 57. Rc7 Bb6 58.
Rc6 Ba7 59. Kg2 Bd4 60. Rc4 Ke3 61. Ra4 Be5 62. Rb4 Bd6 63. Rc4 Be5 64. Ra4
Bd6 65. Ra6 Be5 66. Ra3+ Kf4 67. Ra4+ Ke3 68. Ra5 Kf4 69. Kf2 Bd4+ 70. Ke2 g4
71. fxg4 fxg4 72. Ra4 Ke4 73. Kf1 Ke5 74. Kg2 Kd5 75. Kg3 Be5+ 76. Kxg4 Kc6
77. Ra5 Bc7 78. Rh5 Kb7 79. Kf5 Bb8 80. Rh6 Ba7 81. Ke4 Bb8 82. Kd5 Ba7 83.
Kc4 Bb8 84. Kb5 Ba7 85. Rh7+ Ka8 86. Kc6 Bb8 87. Rh8 Ka7 88. Rh3 Ka8 89. Kb6
Ba7+ 90. Ka6 Bb8 91. Rh7 Be5 92. Re7 Bb8 93. Kb6 Bd6 94. Ra7+ Kb8 95. Rd7 {#r}
1-0

[Event "Sitges XXVII op Vila de Sitges"]
[Site "Sitges"]
[Round "6"]
[White "Joan Dominguez"]
[Black "Miguel A Munoz"]
[Result "0-1"]
[WhiteElo "2153"]
[BlackElo "2313"]

1. e4 c5 2. c3 Nf6 3. e5 Nd5 4. d4 cxd4 5. cxd4 d6 6. exd6 Qxd6 7. Nf3 Nc6 8.
Nc3 Bg4 9. Be2 e6 10. O-O Be7 11. Qb3 Bxf3 12. Bxf3 Nb6 13. Be3 O-O 14. Rfd1
Na5 15. Qc2 Rac8 16. Qe2 Nbc4 17. Bc1 Qb4 18. Be4 Nd6 19. Bd3 Nc6 20. Be3 Bf6
21. d5 Nd4 22. Qd2 Nc4 23. Bxc4 Rxc4 24. a3 Qb3 25. dxe6 Nxe6 26. Nd5 Bd4 27.
Ne7+ Kh8 28. Nf5 Bxb2 29. Rab1 Rc2 30. Qd6 Qxa3 31. Qxa3 Bxa3 32. Rxb7 a5 33.
h4 Bc5 34. Rdd7 Kg8 35. Ne7+ Bxe7 36. Rxe7 Rc4 37. Ra7 Rxh4 38. Rxa5 Re4 39.
Raa7 h5 40. Rab7 g5 41. Bd2 Rd8 42. Be3 Rf8 43. Bd2 h4 44. f3 Re2 45. Bxg5 h3
46. gxh3 Ra8 47. Bf6 Raa2 48. Rb1 Kh7 49. Reb7 Rg2+ 50. Kh1 Rh2+ 51. Kg1 Rag2+
52. Kf1 Rg3 53. Rxf7+ Kg6 54. Be5 Kxf7 55. Rb7+ Kg6 56. Bxg3 Rxh3 57. Kg2 Rh8
58. Rb6 Kf5 59. Rb5+ Kg6 60. Rb6 Kf6 61. f4 Kf5 62. Rb5+ Kg4 63. Re5 Rh6 64.
Ra5 Rf6 65. Ra8 Ng7 66. Rg8 Rg6 67. Kf2 Kf5 68. Kf3 Kf6 69. Bh4+ Kf7 70. Ra8
Rb6 71. Ra7+ Kg6 72. Kg4 Nf5 73. Ra5 Nh6+ 74. Kf3 Rb3+ 75. Kg2 Nf5 76. Bg5 Rc3
77. Rxf5 Kxf5 78. Kf2 Ke4 79. f5 Rf3+ 80. Kg2 Rxf5 81. Bh4 Kf4 82. Bg3+ Kg4
83. Be1 Rf8 84. Bf2 Re8 85. Bg1 Re2+ 86. Bf2 Kf4 87. Kf1 Kf3 88. Bh4 Rh2 {#R}
0-1

[Event "18th Open"]
[Site "Skopje MKD"]
[Date "2002.01.19"]
[Round "5"]
[White "Orce Dancevski"]
[Black "Vladimir Kosyrev"]
[Result "1/2-1/2"]
[WhiteElo "2429"]
[BlackElo "2565"]

1. d4 e6 2. c4 Nf6 3. Nf3 d5 4. e3 c5 5. Nc3 Nc6 6. cxd5 exd5 7. Be2 cxd4 8.
Nxd4 Bd6 9. O-O O-O 10. Nxc6 bxc6 11. b3 Qe7 12. Bb2 Re8 13. Rc1 Qe5 14. g3
Bh3 15. Re1 Qg5 16. Bf3 Rad8 17. Na4 Ne4 18. Bg2 Bxg2 19. Kxg2 Re6 20. Nc3 Bb4
21. Qf3 Qg6 22. Red1 Bxc3 23. Bxc3 h5 24. Qf4 Rde8 25. Bd4 c5 26. Rxc5 Nxc5
27. Bxc5 Qc2 28. Qd4 Qxa2 29. Bxa7 Re4 30. Qc5 h4 31. Rxd5 h3+ 32. Kxh3 Qxf2
33. Rf5 Qe2 34. Qb5 Qg4+ 35. Kg2 R4e7 36. Bd4 Qe4+ 37. Kh3 Re6 38. g4 Qh1 39.
Qe2 Qg1 40. Qg2 Qd1 41. Qf2 Rg6 42. Qf3 Qxb3 43. Qd5 Qxd5 44. Rxd5 Re4 45. g5
f6 46. gxf6 gxf6 47. Rf5 Kf7 48. Rf3 Re8 49. Rg3 Rh8+ 50. Kg2 Rgh6 51. h3 Rg6
52. e4 Rh4 53. Rg4 Rhxg4+ 54. hxg4 Rxg4+ 55. Kf3 Rg8 56. Kf4 Ke6 57. Kf3 Ra8
58. Bb2 Ra2 59. Bd4 Rd2 60. Ke3 Ra2 61. Kf3 Ra3+ 62. Ke2 Kf7 63. Be3 Kg6 64.
Kf3 Kh5 65. Kf4 Ra1 66. Kf5 Rf1+ 67. Bf4 Kh4 68. e5 fxe5 69. Kxe5 Kg4 70. Bd2
Rf2 71. Bb4 Re2+ 72. Kd5 Kf5 73. Bd6 Rd2+ 74. Kc6 Ke6 75. Bb8 {#d} 1/2-1/2

[Event "TCh-AUT 2001-2"]
[Site "Graz AUT"]
[Date "2002.01.19"]
[Round "7"]
[White "Harald Penz"]
[Black "Eva Moser"]
[Result "1/2-1/2"]
[WhiteElo "2351"]
[BlackElo "2339"]

1. e4 c5 2. Nf3 Nc6 3. c3 e6 4. d4 d5 5. exd5 exd5 6. Bb5 Bd6 7. dxc5 Bxc5 8.
O-O Nge7 9. Nbd2 O-O 10. Nb3 Bd6 11. Re1 Bg4 12. Be2 Bd7 13. Be3 Na5 14. Nxa5
Qxa5 15. Nd4 Nf5 16. Nxf5 Bxf5 17. Bd3 Bg6 18. Bxg6 hxg6 19. Qd2 Rfe8 20. a3
Re6 21. Rad1 Qb5 22. Qe2 Qb3 23. Rd2 Rae8 24. Qd1 Qb6 25. Rf1 Rxe3 26. fxe3
Qxe3+ 27. Kh1 Qh6 28. h3 Re3 29. Rd3 Rxd3 30. Qxd3 Qg5 31. g3 d4 32. c4 a5 33.
Kg2 f6 34. Rf3 Bc5 35. b4 axb4 36. axb4 Bxb4 37. Qxd4 Bc5 38. Qd5+ Qxd5 39.
cxd5 Kf7 40. Rc3 b6 41. Rc4 Ke7 42. Ra4 Kd6 43. Ra7 Kxd5 44. Rxg7 g5 45. h4
gxh4 46. gxh4 Ke4 47. h5 Kf5 48. h6 Bf8 49. Kg3 Ke6 50. Rh7 Kf5 51. Rg7 Ke6
52. Rg6 Kf7 53. h7 Bg7 54. Rg4 f5 55. Rg5 b5 56. Kf4 Kf6 57. Rh5 Bh8 58. Rxf5+
Kg6 59. Rxb5 Kxh7 60. Kg5 Bc3 61. Rc5 Bb2 62. Rc2 Bd4 63. Rc7+ Kg8 64. Kf5 Bb2
65. Ke6 Bd4 66. Rf7 Bb2 67. Rf2 Bc3 68. Rg2+ Kf8 69. Rc2 Bd4 70. Rc4 Bb2 {#d}
1/2-1/2

[Event "British Chess Championships"]
[Site "Torquay ENG"]
[Date "2002.08.06"]
[Round "8"]
[White "Surya Shekhar Ganguly"]
[Black "Lorin A R D'Costa"]
[Result "1/2-1/2"]
[WhiteElo "2524"]
[BlackElo "2254"]

1. e4 c5 2. Nf3 d6 3. d4 cxd4 4. Nxd4 Nf6 5. Nc3 Nc6 6. Be2 g6 7. O-O Bg7 8.
Be3 O-O 9. Nb3 Be6 10. f4 Rc8 11. Bf3 a6 12. Qd2 Na5 13. Nxa5 Qxa5 14. Nd5
Qxd2 15. Nxe7+ Kh8 16. Bxd2 Rxc2 17. Bc3 Re8 18. e5 dxe5 19. fxe5 Nd7 20. Nd5
Bxe5 21. Ne3 Rxc3 22. bxc3 Bxc3 23. Rad1 Bxa2 24. Bd5 Rxe3 25. Rxf7 Bxd5 26.
Rxd5 Nf6 27. Rd8+ Re8 28. Rxe8+ Nxe8 29. Rf8+ Kg7 30. Rxe8 Bd4+ 31. Kf1 b6 32.
Re7+ Kh6 33. Ke2 a5 34. Ra7 Bc5 35. h4 g5 36. hxg5+ Kg6 37. Kf3 Kxg5 38. Rxh7
a4 39. g4 a3 40. Ra7 Bb4 41. Ra4 Bc5 42. Ra6 Kf6 43. Kf4 Bd6+ 44. Ke4 Bc5 45.
Ra8 Bb4 46. Kd3 Be7 47. Kc4 Kg5 48. Rg8+ Kf4 49. Kb3 b5 50. Rg7 Bg5 51. Kxa3
Kxg4 52. Kb4 Kf4 53. Kxb5 Bf6 54. Rg1 Ke4 55. Kc4 Be5 56. Re1+ Kf4 57. Kd5 Bc3
58. Re8 Bg7 59. Re7 Bb2 60. Re4+ Kf3 61. Ra4 Bg7 62. Ke6 Ke3 63. Kf5 Bb2 64.
Re4+ Kd3 65. Kf4 Bc1+ 66. Kf3 Bb2 67. Re2 Bc1 68. Re1 Bh6 69. Re6 Bg5 70. Rd6+
Kc3 71. Ke4 Bh4 72. Rd3+ Kc4 73. Rh3 Be7 74. Rh7 Bd6 75. Rh8 Kc3 76. Rc8+ Kb4
77. Kd4 Bg3 78. Rc4+ Kb3 79. Kd5 Be5 80. Rc1 Bg7 81. Rb1+ Ka4 82. Rb8 Bf6 83.
Rb7 Bh4 84. Rb2 Bf6 85. Rf2 Bd8 86. Rf8 Bc7 87. Rf7 Bh2 88. Rh7 Bg1 89. Rg7
Be3 90. Rb7 Bf2 91. Kc4 Ka5 92. Rb5+ Ka6 93. Kb4 Be1+ 94. Kc5 Bf2+ 95. Kc6 Ka7
96. Rb3 Bg1 97. Rb7+ Ka8 98. Rg7 Bd4 99. Re7 Bf2 100. Kc7 Ka7 101. Kc6+ Ka8
102. Re2 Bg3 103. Kb6 Bd6 {#d} 1/2-1/2

[Event "Bled Olympiad"]
[Site "Bled SLO"]
[Date "2002.10.30"]
[Round "5"]
[White "Alexey Khruschiov"]
[Black "Peter Acs"]
[Result "1/2-1/2"]
[WhiteElo "2412"]
[BlackElo "2591"]

1. e4 c5 2. Nf3 d6 3. d4 cxd4 4. Nxd4 Nf6 5. Nc3 Nc6 6. Bg5 e6 7. Qd2 a6 8.
O-O-O Bd7 9. f4 b5 10. Bxf6 gxf6 11. Nxc6 Bxc6 12. Bd3 Qb6 13. Kb1 b4 14. Ne2
h5 15. c3 d5 16. exd5 Bxd5 17. Nc1 Rg8 18. g3 Bxh1 19. Rxh1 Bd6 20. cxb4 Bxb4
21. Qe2 h4 22. f5 Ke7 23. Bc4 Rad8 24. fxe6 fxe6 25. Nd3 Rd6 26. Nf4 Rg5 27.
Rc1 Rd2 28. Qf3 Bd6 29. Nd3 Be5 30. Bb3 hxg3 31. Nxe5 Rxe5 32. Qxg3 Rg5 33.
Qh3 Rg1 34. Qh7+ Kd6 35. Qe4 e5 36. Qf5 Rxc1+ 37. Kxc1 Qd4 38. Qxf6+ Kc7 39.
Qg7+ Qd7 40. Qxe5+ Rd6 41. a3 Qb5 42. Qxb5 axb5 43. Bc2 Rh6 44. b4 Rxh2 45. a4
Kb6 46. axb5 Kxb5 47. Kb1 Kxb4 48. Be4 Kc3 49. Ka1 Kb3 50. Bd5+ Kc3 {#d}
1/2-1/2

[Event "Hunguest Hotels Super Chess Tournament"]
[Site "Budapest HUN"]
[Date "2003.04.15"]
[Round "5"]
[White "Nigel Short"]
[Black "Peter Acs"]
[Result "1/2-1/2"]
[WhiteElo "2686"]
[BlackElo "2600"]

1. e4 e5 2. Nf3 Nc6 3. Bb5 a6 4. Bxc6 dxc6 5. Nc3 Qd6 6. d4 exd4 7. Qxd4 Nf6
8. O-O Qxd4 9. Nxd4 Bc5 10. Rd1 Bd7 11. Be3 Bb4 12. Nde2 Ng4 13. Bd4 f6 14. h3
Ne5 15. a3 Be7 16. Nf4 Nc4 17. Nce2 O-O-O 18. a4 Rhe8 19. Ng3 Bf8 20. b3 Nd6
21. Re1 b6 22. Bb2 c5 23. c4 Bc6 24. e5 fxe5 25. Rxe5 Rxe5 26. Bxe5 Re8 27.
Bc3 g6 28. Rd1 b5 29. axb5 axb5 30. cxb5 Nxb5 31. Bf6 Bd6 32. Nfe2 Bd7 33. Nc3
Nxc3 34. Bxc3 Kb7 35. Nf1 Bb5 36. Ne3 Ra8 37. Ra1 Re8 38. Rc1 Bd7 39. Nc4 Re2
40. Rd1 Kc6 41. Na5+ Kb5 42. Nc4 Be6 43. Nxd6+ cxd6 44. Rxd6 Bxb3 45. Rd7 h5
46. g4 hxg4 47. hxg4 Re4 48. g5 Rg4+ 49. Kf1 Rxg5 50. Ke2 Bd5 51. Bd2 Rh5 52.
Kd3 Be6 53. Rd6 Bf5+ 54. Kc3 Rh4 55. Be3 Rc4+ 56. Kb3 Bc2+ 57. Ka3 Be4 58. Kb3
Rc2 59. Re6 c4+ 60. Ka3 Bd5 61. Rxg6 c3 62. Rb6+ Ka5 63. Rb3 Re2 64. Bb6+ Ka6
65. Be3 Bxb3 66. Kxb3 c2 67. Bc1 Rxf2 68. Kc3 Kb5 69. Bd2 Rg2 70. Kxc2 Kc4 71.
Kc1 Kd3 72. Bb4 Ra2 73. Kb1 Rc2 74. Be1 Re2 75. Ba5 Re5 76. Bd8 Rb5+ {#d}
1/2-1/2

[Event "Harmonie 2003"]
[Site "Groningen NED"]
[Date "2003.12.30"]
[Round "9"]
[White "Bart Michiels"]
[Black "Igor Kurnosov"]
[Result "1/2-1/2"]
[WhiteElo "2390"]
[BlackElo "2527"]

1. e4 c5 2. Nf3 Nc6 3. d4 cxd4 4. Nxd4 Nf6 5. Nc3 d6 6. Be2 e5 7. Nf3 h6 8.
O-O Be7 9. Re1 O-O 10. h3 Re8 11. Bf1 Bf8 12. b3 a6 13. a4 b6 14. Ba3 Bb7 15.
Qd2 Qc7 16. Nd5 Nxd5 17. exd5 Nb8 18. c4 Nd7 19. a5 bxa5 20. Bb2 Nc5 21. Qc3
Be7 22. Rxa5 Nxb3 23. Qxb3 Qxa5 24. Qxb7 Rab8 25. Qd7 Qd8 26. Qxd8 Rexd8 27.
Ba3 Rb3 28. Nxe5 Rxa3 29. Nc6 Re8 30. Rxe7 Kf8 31. Ra7 Rc3 32. g3 Rc1 33. Kg2
g6 34. Rxa6 Ree1 35. Bd3 Rc3 36. Bf1 Rcc1 37. Bd3 Rc3 38. Nb4 Rb3 39. Nc2 Rc1
40. Be4 f5 41. Bf3 Ke7 42. Ra7+ Kf6 43. Rd7 Rb6 44. Nd4 Rxc4 45. Nc6 Rc2 46.
Rxd6+ Kg7 47. Rd7+ Kf6 48. Nd4 Rd2 49. Ne2 Rbb2 50. Rd6+ Kf7 51. Re6 h5 52.
Re3 Kf6 53. h4 Kf7 54. Re6 Rbc2 55. Kh2 Rb2 56. Nf4 Rxf2+ 57. Bg2 Rfd2 58. Ra6
Ra2 59. Rxa2 Rxa2 60. Kg1 Ra3 61. Kf2 Ra2+ 62. Ke3 Ra3+ 63. Nd3 Ke7 64. Bf3
Kd6 65. Kd4 Ra4+ 66. Ke3 Ra3 67. Ke2 Ra2+ 68. Kf1 Ra3 69. Be2 Kxd5 70. Nf4+
Ke4 71. Kf2 g5 72. Nxh5 gxh4 73. gxh4 Rh3 74. Ng3+ Kf4 75. Nh5+ Ke5 76. Bf3 f4
77. Kg2 Rxh4 78. Kf2 Rh2+ 79. Kf1 Kd4 80. Nxf4 Ke3 81. Bb7 Kxf4 82. Ke1 Rb2
83. Bc6 Ke3 84. Kf1 Rf2+ 85. Kg1 Rf6 86. Bb7 Rg6+ 87. Kf1 Rg7 88. Bc6 Rc7 89.
Bd5 Rc2 90. Bb7 Kf4 91. Ke1 Rb2 92. Bc6 Rb6 93. Bd5 Ke3 94. Kf1 Kd4 95. Ba8
Ra6 96. Bb7 Ra7 97. Bc6 Rf7+ 98. Ke2 Rc7 99. Ba8 Rc3 100. Bb7 Rb3 101. Ba8
Rb2+ 102. Kf3 Kc5 103. Be4 Kd6 104. Ke3 Ke5 105. Bc6 Rb3+ 106. Kd2 Kd4 107.
Ba8 Rb2+ 108. Ke1 Kd3 109. Kf1 Ke3 110. Bc6 Rb4 111. Ba8 Rf4+ 112. Kg2 Rf2+
113. Kg1 Rf8 114. Bb7 Kf4 115. Kf2 Rb8 116. Bc6 Rb2+ 117. Kf1 Rc2 118. Bb7 Ke3
119. Kg1 Rb2 120. Bc6 Ke2 121. Bd5 Rb4 122. Bc6 Rg4+ 123. Kh2 Kf2 124. Kh3 Rg6
125. Bb7 Ke3 126. Kh4 Kf4 127. Kh3 Rg7 128. Bc6 Rg3+ 129. Kh2 Kg4 130. Bd7+
Kh4 131. Bc6 Rc3 132. Bb7 Rc2+ 133. Kg1 Kg3 {#d} 1/2-1/2

[Event "36th Olympiad"]
[Site "Calvia ESP"]
[Date "2004.10.24"]
[Round "9"]
[White "Leonardo Valdes"]
[Black "Guillermo Soppe"]
[Result "1/2-1/2"]
[WhiteElo "2372"]
[BlackElo "2433"]

1. c4 e6 2. Nf3 d5 3. g3 Nf6 4. Bg2 Be7 5. b3 O-O 6. Bb2 c5 7. e3 Nc6 8. O-O
Qa5 9. Qe2 Rd8 10. Rd1 Bd7 11. d3 Be8 12. Nc3 Rac8 13. a3 a6 14. cxd5 exd5 15.
d4 Ne4 16. Nxe4 dxe4 17. Ne1 cxd4 18. exd4 f5 19. b4 Qd5 20. Nc2 Bf6 21. Ne3
Qd7 22. d5 Ne5 23. Bxe5 Bxe5 24. Rac1 Rxc1 25. Rxc1 Qf7 26. Bh3 g6 27. Qd2 Kh8
28. Bf1 b5 29. a4 Bd7 30. axb5 axb5 31. Be2 Qf6 32. Rd1 Bc3 33. Qa2 Bxb4 34.
Rb1 Bd6 35. Bxb5 f4 36. Nc4 Bxb5 37. Rxb5 f3 38. h3 Bf8 39. Ne3 h5 40. Qb1 Ra8
41. Qxe4 Bh6 42. d6 Ra1+ 43. Kh2 Qxd6 44. Qe8+ Kh7 45. Rb7+ Bg7 46. Qf7 Qe5
47. h4 Ra4 48. Kh3 Ra1 49. Qxf3 Qe6+ 50. Kg2 Ra6 51. Qd5 Qf6 52. Rf7 Qe6 53.
Qb7 Qc6+ 54. Nd5 Qxb7 55. Rxb7 Ra2 56. Ne7 Re2 57. Nd5 Re6 58. Nf4 Rd6 59. Nh3
Kg8 60. Ng5 Ra6 61. Rb8+ Bf8 62. Kf3 Kg7 63. Rb7+ Kg8 64. Ke4 Bc5 65. Nh3 Ra2
66. Kf3 Ra3+ 67. Kf4 Ra5 68. Rd7 Ba7 69. Kf3 Ra3+ 70. Ke4 Ra4+ 71. Ke5 Ra5+
72. Kf6 Ra6+ 73. Kg5 Bc5 74. Nf4 Bxf2 75. Nd5 Bxg3 76. Nf6+ Kf8 77. Kxg6 Rxf6+
78. Kxf6 Bxh4+ 79. Kg6 Ke8 80. Rh7 Kd8 81. Kxh5 Bf2 82. Kg6 Kc8 83. Kf5 Kb8
84. Ke6 Ka8 85. Kd5 Ba7 86. Kc6 Bb8 87. Rh1 Ba7 88. Rd1 Bb8 89. Rb1 Bh2 90.
Kb6 Be5 91. Rb5 Bd6 92. Rd5 Be7 93. Kc6 Bf6 94. Rf5 Bd4 95. Rf4 Be3 96. Rf3
Bd4 {#d} 1/2-1/2

[Event "6th European Individual Championship"]
[Site "Warsaw POL"]
[Date "2005.06.26"]
[Round "8"]
[White "Athanasios Mastrovasilis"]
[Black "Sergei Azarov"]
[Result "1/2-1/2"]
[WhiteElo "2473"]
[BlackElo "2572"]

1. Nf3 Nf6 2. c4 e6 3. Nc3 Bb4 4. d4 b6 5. Bg5 Bb7 6. e3 h6 7. Bh4 g5 8. Bg3
Ne4 9. Qc2 d6 10. Bd3 Bxc3+ 11. bxc3 f5 12. d5 exd5 13. cxd5 Bxd5 14. Nd4 Qf6
15. f3 Nxg3 16. hxg3 Nd7 17. Bxf5 O-O-O 18. Qa4 a5 19. Kf2 Qf7 20. Rhb1 Bb7
21. Rb5 Kb8 22. Be6 Qe8 23. Bxd7 Qxd7 24. Rab1 Rhe8 25. Rxa5 c5 26. Rab5 cxd4
27. Qxd4 Qe6 28. Rxb6 Rd7 29. a4 Qe5 30. a5 Qxa5 31. e4 Rc8 32. R1b3 Qc5 33.
g4 Qxd4+ 34. cxd4 Rc2+ 35. Kg3 Rd2 36. d5 Ka7 37. Rb2 Rd3 38. R6b3 Rxb3 39.
Rxb3 Rc7 40. Rb1 Ba6 41. Rh1 Rc2 42. Rxh6 Bf1 43. f4 gxf4+ 44. Kxf4 Rf2+ 45.
Kg3 Rxg2+ 46. Kf3 Rg1 47. Rxd6 Kb7 48. Rg6 Bd3 49. g5 Bb1 50. Rg7+ Kb6 51. e5
Re1 52. Re7 Rf1+ 53. Ke3 Rg1 54. Kf4 Rf1+ 55. Ke3 Rg1 56. d6 Rxg5 57. d7 Kc7
58. e6 Re5+ 59. Kd4 Rxe6 60. d8=Q+ Kxd8 61. Rxe6 Kd7 62. Ke5 Bc2 63. Ra6 Ke7
64. Ra2 Bd3 65. Ra3 Bc2 66. Rc3 Bb1 67. Rc7+ Kf8 68. Kf6 Kg8 69. Rc8+ Kh7 70.
Rc1 Bd3 71. Rh1+ Kg8 72. Rg1+ Kh8 73. Rg4 Bc2 74. Kg5 Bb1 75. Rb4 Bd3 76. Rb8+
Kg7 77. Rb7+ Kh8 78. Rb3 Bc2 79. Rc3 Bb1 80. Kf6 Be4 81. Kf7 Bd5+ 82. Kg6 Be4+
83. Kf6 Bb1 84. Rh3+ Kg8 85. Rg3+ Kh8 86. Kf7 Ba2+ 87. Kg6 Bb1+ 88. Kh6 Ba2
89. Ra3 Bd5 90. Rd3 Ba2 91. Rd8+ Bg8 92. Rd2 Bf7 93. Rf2 Bd5 94. Rf5 Bb3 95.
Rb5 Bc4 96. Rb4 Bf7 97. Rb7 Bd5 98. Rh7+ Kg8 99. Rd7 Bb3 100. Kg6 Bc2+ 101.
Kf6 Bb1 102. Rg7+ Kh8 103. Kf7 Ba2+ 104. Kf8 Bb1 105. Rg1 Be4 106. Kf7 Bd5+
107. Kg6 Be4+ 108. Kh6 Bd5 109. Rd1 Bb3 110. Rd8+ Bg8 {#d} 1/2-1/2

[Event "BELFORT YWCC BU18"]
[Site "Belfort (FRA)"]
[Round "2.12"]
[White "Evgeny Romanov"]
[Black "Airidas Savickas"]
[Result "1/2-1/2"]
[WhiteElo "2451"]
[BlackElo "2281"]

1. e4 c5 2. Nf3 d6 3. d4 cxd4 4. Nxd4 Nf6 5. Nc3 g6 6. Be2 Bg7 7. O-O O-O 8.
Bg5 Nc6 9. Nb3 Be6 10. f4 Na5 11. Kh1 Nc4 12. f5 Nxb2 13. Qe1 Bd7 14. fxg6
fxg6 15. e5 dxe5 16. Rb1 Na4 17. Nxa4 Bxa4 18. Nc5 Bxc2 19. Rxb7 Qd5 20. Qc3
Ne4 21. Qxc2 Nxg5 22. Rd1 Qc6 23. Bb5 Qf6 24. Nd7 Qf5 25. Bd3 e4 26. Bc4+ Kh8
27. Nxf8 Rxf8 28. Qe2 e3 29. Rf1 Qxf1+ 30. Qxf1 Rxf1+ 31. Bxf1 Bf6 32. Rxa7
Ne4 33. Bc4 Kg7 34. Rd7 Nc5 35. Rd5 Ne4 36. Kg1 Bc3 37. a4 e6 38. Rd7+ Kf6 39.
Rxh7 Bd4 40. Be2 Nc3 41. Kf1 Nxa4 42. Bd3 Nc5 43. Bc2 e5 44. Rh6 e4 45. Rh4
Kf5 46. Ke2 Bf6 47. Rh7 Bg5 48. Rc7 Ne6 49. Rc4 Nf4+ 50. Kxe3 Nxg2+ 51. Kf2
Nf4 52. Rxe4 Kf6 53. Ra4 Bh4+ 54. Kf3 g5 55. Ke4 Ke6 56. Ra6+ Kd7 57. Ba4+ Ke7
58. Bb3 Kd7 59. Bc4 Ng2 60. Bd5 Nf4 61. Rh6 Nxd5 62. Kxd5 Ke7 63. Ke5 Kf7 64.
Kf5 Kg7 65. Rf6 Kh7 66. Rf7+ Kh6 67. h3 Be1 68. Rf6+ Kh5 69. Rf8 Kh6 70. Rh8+
Kg7 71. Rd8 Kh6 72. Kg4 Bh4 73. Rd6+ Kg7 74. Kf5 Kh7 75. Rg6 Kh8 76. Kf6 Kh7
77. Kf7 Bf2 78. Rxg5 Kh6 79. Rd5 Bh4 80. Ke6 Bg5 81. Kf5 Bc1 82. Kg4 Bb2 83.
Rd6+ Kg7 84. h4 Bc1 85. Rc6 Bd2 86. Kh5 Be3 87. Rg6+ Kf7 88. Rg4 Bd2 89. Rg3
Kf6 90. Rd3 Bc1 91. Rd7 Be3 92. Kg4 Kg6 93. Rd6+ Kg7 94. Kf5 Bf2 95. h5 Be3
96. Rg6+ Kh7 97. Re6 Bd2 98. Rd6 Bc1 99. Rc6 Bd2 100. Rc2 Be3 101. Re2 Bc1
102. Kg4 Kg7 103. Kf3 Kh6 104. Rh2 Bg5 105. Kg4 Bc1 106. Kf5 Be3 107. Re2 Bc1
108. Re1 Bd2 109. Rd1 Be3 110. Rd6+ Kg7 111. Kg4 Kh7 112. Kf3 Bc1 113. Rc6 Bd2
114. Ke4 Kg7 115. Kd3 Bf4 116. Ke4 Bd2 117. Rc2 Bg5 118. Ke5 Be3 119. Kf5 Kh7
120. Rc6 Bd2 121. Rg6 Bc1 122. Kf6 Bb2+ 123. Kf7 Bc1 124. Rd6 Be3 125. h6 Bc1
126. Kf6 Kxh6 127. Rd7 Kh5 128. Kf5 Kh4 129. Rc7 Bd2 130. Rc2 Be1 131. Rc1 Bd2
132. Rd1 Ba5 133. Rd5 Bc7 134. Rd7 Bb8 135. Rg7 Kh3 136. Ke4 Kh2 137. Rb7 Bd6
138. Kf3 Kh1 139. Rb1+ Kh2 140. Rb6 Bc7 141. Rc6 Bb8 142. Rh6+ Kg1 143. Rg6+
Kh1 144. Kf2 Bc7 145. Rh6+ Bh2 146. Kf3 Kg1 147. Rc6 Kh1 148. Kf2 Bg1+ 149.
Kg3 Bh2+ 150. Kh3 Bg1 151. Rc2 Bd4 152. Kg3 Be5+ 153. Kf2 Bd4+ 154. Kf1 Be5
155. Rc1 Bd4 156. Rd1 Bc5 157. Rd2 Bb6 158. Rd7 Bg1 159. Ke2 Kg2 160. Rg7+ Kh1
161. Rg6 Bh2 162. Kf3 Bg1 163. Rg2 Bh2 164. Kf2 Bc7 165. Rg6 Bh2 166. Rc6 Bg1+
167. Kf3 Bh2 168. Kg4 Kg2 169. Rc2+ Kh1 170. Kh3 Bg1 171. Kg3 Bd4 172. Re2 Bg1
173. Rd2 Bb6 174. Rc2 Bg1 175. Rb2 Bd4 176. Rh2+ Kg1 177. Rd2 Be5+ 178. Kf3
Kh1 {#d} 1/2-1/2

[Event "15th European Team Championship (Women)"]
[Site "Gothenburg SWE"]
[Date "2005.08.01"]
[Round "3"]
[White "Anne Muller"]
[Black "Lyubka Georgieva Genova"]
[Result "1/2-1/2"]
[WhiteElo "2169"]
[BlackElo "2235"]

1. e4 c5 2. Nf3 e6 3. d4 cxd4 4. Nxd4 a6 5. Bd3 Nf6 6. O-O Qc7 7. Nc3 b5 8.
Qe2 Nc6 9. Nxc6 dxc6 10. a4 Rb8 11. f4 Bb7 12. e5 b4 13. Nd1 Nd5 14. Nf2 Qb6
15. Kh1 Be7 16. a5 Qa7 17. f5 exf5 18. Bxf5 g6 19. Bd3 Bc8 20. Ne4 O-O 21. Bh6
Re8 22. Qf3 Be6 23. Bc4 Qd4 24. Bxd5 Bxd5 25. Nf6+ Bxf6 26. Qxf6 Qxe5 27. Qxe5
Rxe5 28. Bf4 Rbe8 29. Bxe5 Rxe5 30. Rfe1 Rg5 31. Re2 h5 32. Kg1 h4 33. Rae1
Kg7 34. b3 Rg4 35. Rd2 Kf8 36. Re3 Rg5 37. g3 h3 38. Rd4 Bg2 39. Rxb4 Rxa5 40.
Ra4 Rf5 41. Re1 Rd5 42. Kf2 Rd2+ 43. Re2 Rd1 44. Rxa6 Rf1+ 45. Ke3 Rh1 46. g4
Rxh2 47. Ra1 Kg7 48. Kf4 Rh1 49. Rxh1 Bxh1 50. Kg3 Bg2 51. b4 Kf8 52. c4 Bf1
53. Rc2 Ke7 54. Rc1 Bg2 55. b5 cxb5 56. cxb5 f5 57. gxf5 gxf5 58. b6 f4+ 59.
Kh2 Kd7 60. Rc7+ Kd8 61. Rf7 Kc8 62. Rxf4 Kb7 63. Rb4 Bf1 64. Kg3 Bg2 65. Rb2
Kb8 66. Rf2 Kb7 67. Rf6 Bc6 68. Kxh3 Kxb6 69. Kg3 Kc5 70. Rf4 Bd5 71. Kf2 Kd6
72. Ke3 Ke5 73. Rh4 Be6 74. Rh5+ Bf5 75. Rg5 Ke6 76. Kf4 Bh7 77. Rh5 Bg6 78.
Rh6 Kf6 79. Kg4 Kg7 80. Kg5 Bf7 81. Rh2 Bc4 82. Rc2 Bg8 83. Rc7+ Kh8 {#d}
1/2-1/2

[Event "Czech Open"]
[Site "Pardubice CZE"]
[Date "2005.07.27"]
[Round "6"]
[White "Evgeny Najer"]
[Black "Valery Shalimov"]
[Result "1/2-1/2"]
[WhiteElo "2614"]
[BlackElo "2426"]

1. e4 c5 2. Nf3 Nc6 3. d4 cxd4 4. Nxd4 g6 5. c4 Nf6 6. Nc3 Nxd4 7. Qxd4 d6 8.
Be3 Bg7 9. Be2 O-O 10. Qd2 a5 11. O-O a4 12. Rac1 Qa5 13. Kh1 Be6 14. f4 Rfc8
15. b3 axb3 16. axb3 Qb4 17. Qc2 Ra3 18. Rb1 Bxc4 19. Bxc4 Rxc4 20. bxc4 Qxc3
21. Qxc3 Rxc3 22. Bd4 Rxc4 23. Bxf6 Bxf6 24. Rfe1 Bc3 25. Re2 Bb4 26. g3 b6
27. Ra1 Bc5 28. Ra7 Kf8 29. Rb7 h5 30. Kg2 Ra4 31. Kf3 Ra3+ 32. Kg2 e5 33. Rd2
exf4 34. gxf4 h4 35. h3 Rg3+ 36. Kh2 Bg1+ 37. Kh1 Bc5 38. e5 Rxh3+ 39. Kg2
Rg3+ 40. Kh2 Ra3 41. exd6 Ra8 42. d7 Rd8 43. Rd3 Ke7 44. Kh3 Bd6 45. Re3+ Kf8
46. Re4 Be7 47. Rc7 f5 48. Re6 Kf7 49. Rxb6 Ra8 50. Ra6 Rb8 51. Rb6 Ra8 52.
Ra6 Rb8 53. Ra3 Rd8 54. Rd3 Ke6 55. Rc6+ Kf7 56. Kg2 Rh8 57. Rc7 Bd8 58. Rc2
Rg8 59. Rc5 Rh8 60. Kh3 Rg8 61. Re3 Bf6 62. Rc8 Bd8 63. Rc6 g5 64. fxg5 Bxg5
65. Re5 Bd8 66. Kh2 Rh8 67. Rce6 Bc7 68. Re7+ Kf6 69. R7e6+ Kf7 70. Re7+ Kf6
71. Re8 Bxe5+ 72. Kh3 Bc7 73. Rxh8 Ke7 74. Rh7+ Kd8 75. Kxh4 Bd6 76. Kg5 Be7+
77. Kxf5 Kxd7 78. Ke5 Kd8 79. Kd5 Bg5 80. Rb7 Bf4 81. Ke4 {#d} 1/2-1/2